Compendio de geografía comercial / (Record no. 164745)

MARC details
000 -LEADER
campo de control de longitud fija 00827nam a22002175i 4500
001 - NÚMERO DE CONTROL
campo de control 164745
003 - IDENTIFICADOR DE NÚMERO DE CONTROL
campo de control ES-MaACL
005 - FECHA Y HORA DE LA ÚLTIMA TRANSACCIÓN
campo de control 20250814065129.0
008 - DATOS DE LONGITUD FIJA--INFORMACIÓN GENERAL
campo de control de longitud fija 050804s1880 sp | |||||||| ||spa d
040 ## - FUENTE DE CATALOGACIÓN
Centro catalogador/agencia de origen CAM
Lengua de catalogación spa
Centro/agencia transcriptor CAM
100 1# - ENTRADA PRINCIPAL--NOMBRE DE PERSONA
Nombre de persona Santiago y Sáenz-Diez, Julio de.
9 (RLIN) 132437
245 10 - MENCIÓN DEL TÍTULO
Título Compendio de geografía comercial /
Mención de responsabilidad, etc. por Julio de Santiago y Saenz-Diez.
250 ## - MENCION DE EDICION
Mención de edición 2ª ed.
260 ## - PUBLICACIÓN, DISTRIBUCIÓN, ETC.
Lugar de publicación, distribución, etc. Madrid :
Nombre del editor, distribuidor, etc. [s.n.],
Fecha de publicación, distribución, etc. 1880 (
Fabricante Estab. tip. de M. Minuesa de los Ríos)
300 ## - DESCRIPCIÓN FÍSICA
Extensión 301 p. ;
Dimensiones 22 cm.
650 07 - PUNTO DE ACCESO ADICIONAL DE MATERIA--TÉRMINO DE MATERIA
Término de materia o nombre geográfico como elemento de entrada Geografía económica
Fuente del encabezamiento o término embne
9 (RLIN) 13077
700 1# - ENTRADA AGREGADA--NOMBRE PERSONAL
Nombre de persona Minuesa de los Ríos, Manuel.
9 (RLIN) 129951
752 ## - ENTRADA AGREGADA--NOMBRE JERÁRQUICO DEL LUGAR
País o entidad superior España -
Ciudad Madrid
852 ## - LOCALIZACIÓN
Ubicación ES-MaACL
Número de control de estantería C-600
Nota libre - Enc. pasta española
-- - Legado de Gustavo Sáenz Díez
-- . - Dedicatoria autógrafa del autor a Gustavo Sáenz Díez
Holdings
Estatus retirado Estado de pérdida Estado de daño No para préstamo Colección Biblioteca de origen Biblioteca actual Ubicación en estantería Fecha de adquisición Fuente de adquisición Total de préstamos Signatura topográfica completa Código de barras Visto por última vez Precio de reemplazo Tipo de ítem Koha
        Libros del s. XIX Biblioteca del Ateneo de Madrid Biblioteca del Ateneo de Madrid Sala Palomar 17/01/2008     C-600 1172698 23/02/2023 23/02/2023 Libro impreso antiguo